ইখতিয়ার উদ্দীন মুহাম্মদ বখতিয়ার খলজী / (Record no. 31187)
[ view plain ]
| 000 -LEADER | |
|---|---|
| fixed length control field | 00957nam a22002057a 4500 |
| 003 - CONTROL NUMBER IDENTIFIER | |
| control field | BDDh-ASL |
| 005 - DATE AND TIME OF LATEST TRANSACTION | |
| control field | 20231015031236.0 |
| 008 - FIXED-LENGTH DATA ELEMENTS--GENERAL INFORMATION | |
| fixed length control field | 201025s2004 bg ||||| |||| 00| 0 b d |
| 040 ## - CATALOGING SOURCE | |
| Original cataloging agency | BDDh-ASL |
| Transcribing agency | BDDh-ASL |
| 041 ## - LANGUAGE CODE | |
| Language code of text/sound track or separate title | bengali |
| 082 ## - DEWEY DECIMAL CLASSIFICATION NUMBER | |
| Classification number | 920.71 |
| Item number | AHI |
| 100 1# - MAIN ENTRY--PERSONAL NAME | |
| Personal name | আহমদ, এ. বি. এম. শামসুদ্দীন |
| Titles and words associated with a name | অধ্যাপক ড. |
| 9 (RLIN) | 5382 |
| 245 10 - TITLE STATEMENT | |
| Title | ইখতিয়ার উদ্দীন মুহাম্মদ বখতিয়ার খলজী / |
| 246 ## - VARYING FORM OF TITLE | |
| Title proper/short title | Ikhtiar Uddin Muhammad Bakhtiar Khalji |
| 260 ## - PUBLICATION, DISTRIBUTION, ETC. | |
| Place of publication, distribution, etc. | ঢাকা: |
| Name of publisher, distributor, etc. | ইসলামিক ফাউন্ডেশন বাংলাদেশ, |
| Date of publication, distribution, etc. | ২০০৪ |
| 300 ## - PHYSICAL DESCRIPTION | |
| Extent | ২৮ পৃ. : |
| Dimensions | ২২ সে. মি. |
| 600 10 - SUBJECT ADDED ENTRY--PERSONAL NAME | |
| Personal name | খলজী, ইখতিয়ার মুহাম্মদ বখতিয়ার |
| 9 (RLIN) | 7601 |
| 650 #0 - SUBJECT ADDED ENTRY--TOPICAL TERM | |
| 9 (RLIN) | 1697 |
| Topical term or geographic name entry element | জীবনী |
| General subdivision | হযরত আবজর গিফারী (রা. ) |
| 942 ## - ADDED ENTRY ELEMENTS (KOHA) | |
| Source of classification or shelving scheme | Dewey Decimal Classification |
| Koha item type | Books |
| Withdrawn status | Lost status | Source of classification or shelving scheme | Damaged status | Not for loan | Collection code | Home library | Current library | Shelving location | Date acquired | Source of acquisition | Total Checkouts | Full call number | Barcode | Date last seen | Copy number | Price effective from | Koha item type | Public note |
|---|---|---|---|---|---|---|---|---|---|---|---|---|---|---|---|---|---|---|
| Dewey Decimal Classification | Non-fiction | Asiatic Society Library | Asiatic Society Library | General Stacks | 03/21/2023 | Complimentary | 920.71 AHI | 119812 | 03/21/2023 | C-1 | 03/21/2023 | Books | ||||||
| Dewey Decimal Classification | Non-fiction | Asiatic Society Library | Asiatic Society Library | General Stacks | 04/03/2023 | Complimentary | 920.71 AHI | 120374 | 04/03/2023 | C-2 | 04/03/2023 | Books | Y-2004 |